000 00327nam a22001457a 4500
008 210527b ||||| |||| 00| 0 eng d
020 _a0721653952
041 _aeng
080 _a610.73
082 _a610.73
100 _a2
101 _aINF
245 _aComprehensive Respiratory Nursing
_cKersten,L.D
942 _2udc
_cBK
999 _c57668
_d57668